[Event "Winnipeg TNT 2026.03"]
[Site "Winnipeg CAN"]
[Date "2026.03.17"]
[Round "3.5"]
[White "Rutter, Blair"]
[Black "Atem, James"]
[Result "1-0"]
[WhiteElo "1853"]
[BlackElo "1821"]
[WhiteFideId "-1"]
[BlackFideId "-1"]
[PlyCount "139"]
[GameId "2292263032018327"]
[EventDate "2026.03.03"]
[EventType "swiss"]
[EventRounds "4"]
[EventCountry "CAN"]

1. c4 d5 2. cxd5 Qxd5 3. Nc3 Qd8 4. d4 c6 5. e4 Nf6 6. h3 e6 7. Be3 Bb4 8. Qc2 O-O 9. Bd3 g6 10. Bg5 Be7 11. Nf3 Qa5 12. O-O Re8 13. Bd2 Qd8 14. Rad1 Nh5 15. a3 Nd7 16. Be3 Bf6 17. e5 Be7 18. Ne4 Nb6 19. Bc1 Nd5 20. Rfe1 Qc7 21. Qd2 Qd8 22. g3 b6 23. Be2 Ng7 24. g4 Bb7 25. Qh6 f6 26. exf6 Nxf6 27. Nxf6+ Bxf6 28. Bg5 Rf8 29. Bc4 b5 30. Bb3 Bc8 31. Rd2 Ne8 32. Rde2 Nc7 33. Bxf6 Rxf6 34. Ng5 Qe7 35. Ne4 Rf3 36. Nc5 Nd5 37. Bxd5 cxd5 38. Nxe6 Bxe6 39. Rxe6 Qf8 40. Qxf8+ Raxf8 41. R1e2 Rxh3 42. Rd6 Rh4 43. Rxd5 Rxg4+ 44. Kf1 Rf7 45. Rd2 h5 46. Rxb5 h4 47. Rb3 Rd7 48. d5 Kg7 49. Re3 Rg5 50. d6 Rf5 51. Kg2 g5 52. Kh3 Kf6 53. b4 a6 54. a4 Rf4 55. Rb3 Kf5 56. b5 g4+ 57. Kg2 Rxa4 58. b6 h3+ 59. Kh2 Rf4 60. b7 Rxd6 61. Rxd6 Rxf2+ 62. Kg1 h2+ 63. Kh1 g3 64. Rxg3 Rb2 65. Rg7 a5 66. Ra6 a4 67. Rxa4 Kf6 68. Rc7 Kg5 69. Ra8 Kg4 70. b8=Q 1-0

[Event "Winnipeg TNT 2026.03"]
[Site "Winnipeg CAN"]
[Date "2026.03.17"]
[Round "3.6"]
[White "Pottinger, Carl"]
[Black "Curtis, Rory"]
[Result "0-1"]
[WhiteElo "1834"]
[BlackElo "1760"]
[WhiteFideId "-1"]
[BlackFideId "-1"]
[PlyCount "116"]
[GameId "2292263032018328"]
[EventDate "2026.03.03"]
[EventType "swiss"]
[EventRounds "4"]
[EventCountry "CAN"]

1. d4 Nf6 2. Bf4 g6 3. Nc3 Bg7 4. e4 d6 5. Qd2 O-O 6. O-O-O a6 7. Bh6 b5 8. f3 Bd7 9. h4 b4 10. Nb1 Nc6 11. d5 Ne5 12. h5 Nxh5 13. Bxg7 Kxg7 14. g4 Nf6 15. Qh6+ Kg8 16. Be2 Bb5 17. Rd2 c5 18. Bd1 c4 19. g5 Nh5 20. Rdh2 f5 21. gxf6 Rxf6 22. Rxh5 gxh5 23. Qxh5 Rf7 24. Nh3 Qe8 25. Ng5 Rg7 26. Qh4 Qg6 27. Ne6 Rf7 28. Qh2 Kh8 29. f4 Ng4 30. Bxg4 Qxg4 31. Rg1 Qf3 32. Ng5 Qxf4+ 33. Qxf4 Rxf4 34. Rh1 Raf8 35. c3 Rf1+ 36. Rxf1 Rxf1+ 37. Kc2 b3+ 38. axb3 cxb3+ 39. Kxb3 Rxb1 40. c4 Bd7 41. e5 dxe5 42. Nf7+ Kg8 43. Nxe5 Bc8 44. c5 Re1 45. Nc6 Kf8 46. Kc4 Ke8 47. b4 h5 48. Nd4 Rc1+ 49. Kd3 h4 50. Nf3 h3 51. Nh2 Bf5+ 52. Kd4 Rc2 53. Nf3 h2 54. Nxh2 Rxh2 55. c6 Rc2 56. Ke5 Bc8 57. d6 exd6+ 58. Kxd6 Rc4 0-1

[Event "Winnipeg TNT 2026.03"]
[Site "Winnipeg CAN"]
[Date "2026.03.17"]
[Round "3.7"]
[White "Essery, Richard"]
[Black "Zhang, Nicole"]
[Result "0-1"]
[WhiteElo "1529"]
[BlackElo "1798"]
[WhiteFideId "-1"]
[BlackFideId "-1"]
[PlyCount "74"]
[GameId "2292263032018329"]
[EventDate "2026.03.03"]
[EventType "swiss"]
[EventRounds "4"]
[EventCountry "CAN"]

1. d4 d5 2. Bf4 Nf6 3. Nf3 e6 4. e3 Nbd7 5. Nbd2 Be7 6. c3 O-O 7. Bd3 c5 8. Ne5 Nxe5 9. dxe5 Nd7 10. Nf3 f6 11. h4 fxe5 12. Bxh7+ Kxh7 13. Ng5+ Bxg5 14. hxg5+ Kg8 15. Qh5 Re8 16. g6 Kf8 17. Qh8+ Ke7 18. Qxg7+ Kd6 19. Bg5 Qb6 20. O-O-O Qb5 21. Qf7 Rf8 22. Qxf8+ Nxf8 23. g7 Bd7 24. g8=Q Qc4 25. Bh6 Ke7 26. Bxf8+ Rxf8 27. Rh7+ Ke8 28. Qg6+ Kd8 29. Qg5+ Kc8 30. Qe7 Rd8 31. Rdh1 Qxa2 32. Qxc5+ Kb8 33. Qb4 d4 34. Rh8 Be8 35. Qe7 Qa1+ 36. Kc2 Qa4+ 37. Kb1 Bg6+ 0-1

[Event "Winnipeg TNT 2026.03"]
[Site "Winnipeg CAN"]
[Date "2026.03.17"]
[Round "3.8"]
[White "Babb, Jeff"]
[Black "Zhang, Oscar"]
[Result "1-0"]
[WhiteElo "2027"]
[BlackElo "1366"]
[WhiteFideId "-1"]
[BlackFideId "-1"]
[PlyCount "105"]
[GameId "2292263032018330"]
[EventDate "2026.03.03"]
[EventType "swiss"]
[EventRounds "4"]
[EventCountry "CAN"]

1. e4 e5 2. Nc3 Nf6 3. f4 d6 4. Nf3 Bg4 5. h3 Bxf3 6. Qxf3 Nc6 7. Bb5 Qd7 8. f5 a6 9. Bxc6 Qxc6 10. g4 h6 11. d3 O-O-O 12. Bd2 d5 13. exd5 Nxd5 14. Nxd5 Qxd5 15. Qxd5 Rxd5 16. O-O-O Rd8 17. Rhe1 f6 18. Bc3 Bd6 19. Re4 Rhe8 20. Rde1 c5 21. a4 b6 22. Kb1 Kc7 23. b4 Kd7 24. Kb2 Kc6 25. Kb3 Re7 26. d4 cxd4 27. Bxd4 Rdd7 28. Bf2 Kb7 29. Rd1 Kc6 30. Re2 b5 31. axb5+ axb5 32. Ra1 Kb7 33. Ra7+ Kc6 34. Ra6+ Kc7 35. Rb6 Kc8 36. Rxb5 Rb7 37. Rxb7 Rxb7 38. c3 Kc7 39. Kc4 Kc6 40. Ra2 Rc7 41. Kd3 Kd5 42. c4+ Kc6 43. Ra6+ Kd7 44. c5 Be7 45. Kc4 Kc8 46. c6 Kb8 47. b5 Bf8 48. Bb6 Rf7 49. Kd5 Bb4 50. Ra4 Bf8 51. Be3 Rc7 52. b6 Rf7 53. b7 1-0

[Event "Winnipeg TNT 2026.03"]
[Site "Winnipeg CAN"]
[Date "2026.03.17"]
[Round "3.9"]
[White "Gannon, Keith"]
[Black "Trueman, Francis"]
[Result "1/2-1/2"]
[WhiteElo "1556"]
[BlackElo "1331"]
[WhiteFideId "-1"]
[BlackFideId "-1"]
[PlyCount "114"]
[GameId "2292263032018331"]
[EventDate "2026.03.03"]
[EventType "swiss"]
[EventRounds "4"]
[EventCountry "CAN"]

1. e4 d6 2. d4 Nd7 3. Nf3 e5 4. c3 Ngf6 5. Bd3 g6 6. O-O Bg7 7. Nbd2 O-O 8. Re1 Re8 9. d5 a5 10. a4 Nf8 11. b3 h5 12. Bb5 Bd7 13. Bxd7 Qxd7 14. Nc4 b5 15. axb5 Qxb5 16. Na3 Qd7 17. Bd2 c6 18. c4 cxd5 19. cxd5 N6h7 20. Nc4 Qe7 21. Rxa5 Nd7 22. Rxa8 Rxa8 23. b4 g5 24. Be3 g4 25. Nfd2 Rb8 26. Na5 Qf6 27. Nc6 Rb7 28. Nc4 Ng5 29. Bxg5 Qxg5 30. Nxd6 Rb6 31. Nc4 Rb5 32. Qc1 Qf6 33. Qe3 Bf8 34. Rb1 Bc5 35. Qe1 Bf8 36. Ra1 Kh7 37. Ra5 Rb7 38. Ra7 Bxb4 39. Qe2 Rxa7 40. Nxa7 Qa6 41. Nc6 Qa1+ 42. Qf1 Qa4 43. N4xe5 Nxe5 44. Nxe5 f6 45. Nd3 Bd6 46. g3 Qxe4 47. Nf4 Bxf4 48. gxf4 Qxd5 49. Qb1+ Kh6 50. Qc1 Qf5 51. Qe3 h4 52. f3 gxf3 53. Qxf3 h3 54. Qf1 Qg4+ 55. Kh1 Kg6 56. Qb1+ Qf5 57. Qg1+ Kh5 1/2-1/2

[Event "Winnipeg TNT 2026.03"]
[Site "Winnipeg CAN"]
[Date "2026.03.24"]
[Round "4.1"]
[White "Zhou, Joe"]
[Black "Protsiuk, Svitlana"]
[Result "0-1"]
[WhiteElo "1981"]
[BlackElo "2149"]
[WhiteFideId "-1"]
[BlackFideId "-1"]
[PlyCount "62"]
[GameId "2292263032018332"]
[EventDate "2026.03.03"]
[EventType "swiss"]
[EventRounds "4"]
[EventCountry "CAN"]

1. Nf3 g6 2. e4 Bg7 3. d4 d6 4. h3 Nf6 5. Bd3 O-O 6. O-O Nbd7 7. Re1 c5 8. Be3 cxd4 9. Bxd4 Nc5 10. Bxc5 dxc5 11. c3 Rb8 12. Na3 a6 13. Rb1 b5 14. e5 Nd5 15. c4 Nf4 16. Bf1 b4 17. Nc2 Bf5 18. Qxd8 Rfxd8 19. Rbc1 Bd3 20. Ne3 Bxf1 21. Rxf1 Ne2+ 22. Kh2 Nxc1 23. Rxc1 Bh6 24. Re1 Rd3 25. Nd5 e6 26. Nf6+ Kg7 27. Re4 Bc1 28. Re2 Bf4+ 29. Kh1 Rd1+ 30. Ng1 Rbd8 31. Ne4 Rxg1+ 0-1

[Event "Winnipeg TNT 2026.03"]
[Site "Winnipeg CAN"]
[Date "2026.03.24"]
[Round "4.2"]
[White "Rutter, Blair"]
[Black "Gres, Yakiv"]
[Result "0-1"]
[WhiteElo "1853"]
[BlackElo "2186"]
[WhiteFideId "-1"]
[BlackFideId "-1"]
[PlyCount "90"]
[GameId "2292263032018333"]
[EventDate "2026.03.03"]
[EventType "swiss"]
[EventRounds "4"]
[EventCountry "CAN"]

1. c4 e5 2. g3 Nf6 3. Bg2 d5 4. d3 Bc5 5. cxd5 Nxd5 6. Qb3 Nb4 7. Nc3 O-O 8. a3 Be6 9. Qd1 N4c6 10. Nf3 Nd7 11. Ng5 Bf5 12. O-O h6 13. Nge4 Bd4 14. h3 Be6 15. e3 Bb6 16. b4 f5 17. Nd2 Nf6 18. Nc4 e4 19. Nxb6 axb6 20. dxe4 fxe4 21. Bb2 Bc4 22. Qxd8 Raxd8 23. Rfd1 Bd3 24. Rd2 Rfe8 25. Rad1 Rd6 26. f3 exf3 27. Bxf3 Ne5 28. Kf2 Red8 29. Be2 c5 30. Bxd3 Nxd3+ 31. Ke2 c4 32. e4 Re6 33. Kf3 Rf8 34. Kg2 Nxe4 35. Nxe4 Rxe4 36. Bc3 Ne1+ 37. Rxe1 Rxe1 38. Rd7 Re2+ 39. Kg1 Rf7 40. Rd5 Rf3 41. Be5 c3 42. Bf4 c2 43. Rd8+ Kh7 44. Rc8 Rxf4 45. gxf4 Re1+ 0-1

[Event "Winnipeg TNT 2026.03"]
[Site "Winnipeg CAN"]
[Date "2026.03.24"]
[Round "4.3"]
[White "Ling, Aiden"]
[Black "Kuryliw, Ray"]
[Result "0-1"]
[WhiteElo "1786"]
[BlackElo "1916"]
[WhiteFideId "-1"]
[BlackFideId "-1"]
[PlyCount "72"]
[GameId "2292263032018334"]
[EventDate "2026.03.03"]
[EventType "swiss"]
[EventRounds "4"]
[EventCountry "CAN"]

1. e4 c6 2. Nf3 d5 3. d3 Bg4 4. h3 Bh5 5. Be2 e6 6. O-O Nf6 7. Nbd2 Bg6 8. e5 Nfd7 9. d4 c5 10. c3 Nc6 11. Re1 Be7 12. Nb3 cxd4 13. cxd4 Nb4 14. Nc5 Nxc5 15. dxc5 Nc2 16. Bb5+ Kf8 17. Be3 Nxa1 18. Qxa1 Qa5 19. a4 a6 20. Bf1 Rc8 21. Qa3 Bxc5 22. Bxc5+ Qxc5 23. Rc1 Qxa3 24. Rxc8+ Ke7 25. Rc7+ Kd8 26. Rxb7 Qxa4 27. Rb8+ Kc7 28. Rxh8 h6 29. Ra8 a5 30. Rg8 Qb4 31. Ba6 Qxb2 32. Rc8+ Kd7 33. Rc5 Be4 34. Rxa5 Bxf3 35. gxf3 Qxe5 36. Bb5+ Kd6 0-1

[Event "Winnipeg TNT 2026.03"]
[Site "Winnipeg CAN"]
[Date "2026.03.24"]
[Round "4.4"]
[White "Zhang, Ian"]
[Black "Curtis, Rory"]
[Result "1/2-1/2"]
[WhiteElo "1845"]
[BlackElo "1760"]
[WhiteFideId "-1"]
[BlackFideId "-1"]
[PlyCount "88"]
[GameId "2292263032018335"]
[EventDate "2026.03.03"]
[EventType "swiss"]
[EventRounds "4"]
[EventCountry "CAN"]

1. e4 e5 2. Nc3 Nf6 3. f4 d5 4. fxe5 Nxe4 5. Qf3 Nc6 6. Bb5 Nxc3 7. dxc3 a6 8. Bxc6+ bxc6 9. Ne2 Qh4+ 10. Ng3 Bc5 11. Bd2 O-O 12. Qh5 Qxh5 13. Nxh5 Re8 14. Nf4 Rxe5+ 15. Kd1 Bg4+ 16. Kc1 Bd6 17. h3 Bd7 18. b3 Ba3+ 19. Kd1 Bf8 20. Kc1 Rae8 21. Kb2 g6 22. Rhf1 Bg7 23. Rf2 f5 24. Raf1 R5e7 25. Nd3 Re2 26. Bf4 Rxf2 27. Rxf2 d4 28. c4 Rc8 29. Re2 Kf7 30. Kb1 Re8 31. Rxe8 Kxe8 32. Bxc7 Bh6 33. Be5 Be3 34. Nb4 a5 35. Nd3 Ke7 36. Bc7 Bd2 37. Bb6 Bc3 38. Kc1 g5 39. Kd1 f4 40. Ke2 Kd6 41. Kf3 Bf5 42. Bc5+ Ke6 43. Bb6 Bg6 44. Kg4 h6 1/2-1/2

[Event "Winnipeg TNT 2026.03"]
[Site "Winnipeg CAN"]
[Date "2026.03.24"]
[Round "4.5"]
[White "Zhang, Nicole"]
[Black "Kim, Sunyo"]
[Result "1-0"]
[WhiteElo "1798"]
[BlackElo "1705"]
[WhiteFideId "-1"]
[BlackFideId "-1"]
[PlyCount "141"]
[GameId "2292263032018336"]
[EventDate "2026.03.03"]
[EventType "swiss"]
[EventRounds "4"]
[EventCountry "CAN"]

1. e4 c5 2. Nf3 g6 3. d4 Bg7 4. Nc3 cxd4 5. Nxd4 Nc6 6. Be3 d6 7. Bc4 Nf6 8. f3 O-O 9. Qd2 a6 10. O-O-O Qc7 11. Bb3 Na5 12. g4 Nxb3+ 13. Nxb3 Be6 14. Nd4 Nd7 15. h4 Qa5 16. Kb1 Ne5 17. Bh6 Nc4 18. Qc1 Bxh6 19. Qxh6 Qb6 20. Nb3 Qe3 21. g5 f6 22. Rd3 Qf4 23. Ne2 Qe5 24. Rc3 fxg5 25. hxg5 Qg7 26. Qxg7+ Kxg7 27. f4 b5 28. Ned4 Bg8 29. Rch3 Kf7 30. f5 Ke8 31. Ne6 Bxe6 32. fxe6 Ne5 33. Rxh7 Kd8 34. a3 Re8 35. R1h3 Kc7 36. Rg7 Kb6 37. Nd4 Kc5 38. Nf3 Nxf3 39. Rxf3 Kd4 40. Rxg6 Kxe4 41. Rf7 Ke5 42. Rh6 Rg8 43. Rxe7 Rxg5 44. Rd7 Rgg8 45. e7 d5 46. Rhd6 Rge8 47. Rxd5+ Ke6 48. R5d6+ Kf7 49. Rh6 Kg7 50. Rdd6 a5 51. Rh5 b4 52. axb4 axb4 53. Rb5 Rxe7 54. b3 Re1+ 55. Kb2 Rea1 56. Rxb4 R1a2+ 57. Kc3 Rc8+ 58. Rc4 Rxc4+ 59. bxc4 Ra8 60. c5 Kf7 61. Kd4 Ke7 62. Kd5 Rc8 63. c4 Ke8 64. c6 Rc7 65. Re6+ Kd8 66. Kd6 Rh7 67. Rg6 Rh8 68. Rg7 Rh6+ 69. Kc5 Kc8 70. Kb6 Rh8 71. Ra7 1-0

[Event "Winnipeg TNT 2026.03"]
[Site "Winnipeg CAN"]
[Date "2026.03.24"]
[Round "4.6"]
[White "Wang, Lucas"]
[Black "Babb, Jeff"]
[Result "1-0"]
[WhiteElo "1905"]
[BlackElo "2027"]
[WhiteFideId "-1"]
[BlackFideId "-1"]
[PlyCount "125"]
[GameId "2292263032018337"]
[EventDate "2026.03.03"]
[EventType "swiss"]
[EventRounds "4"]
[EventCountry "CAN"]

1. d4 Nf6 2. c4 c5 3. d5 b5 4. e3 bxc4 5. Bxc4 d6 6. Nc3 g6 7. Nf3 Bg7 8. O-O O-O 9. e4 Ba6 10. Qe2 Bxc4 11. Qxc4 Nbd7 12. h3 Rb8 13. Rb1 Rb4 14. Qe2 Ne8 15. Bd2 Nc7 16. a3 Rb3 17. Qd1 Qb8 18. Qc2 Ne5 19. Nxe5 Bxe5 20. Rfe1 Rc8 21. f4 Bd4+ 22. Be3 Bxe3+ 23. Rxe3 Qb7 24. Qd2 Rb8 25. Nd1 Rxe3 26. Nxe3 Qb3 27. Kf2 Nb5 28. Rc1 Nd4 29. Nc4 Qb7 30. Qd3 Nb3 31. Rd1 Qb5 32. e5 Na5 33. Nxa5 Qxa5 34. Qe2 Qb5 35. Qxb5 Rxb5 36. Rd2 Kf8 37. Ke2 Ke8 38. Kd3 Kd7 39. Kc4 a6 40. b4 Kc7 41. g4 cxb4 42. axb4 Kb6 43. Ra2 e6 44. Rd2 exd5+ 45. Rxd5 dxe5 46. fxe5 Rxd5 47. Kxd5 Kb5 48. Kd6 Kxb4 49. Ke7 a5 50. Kxf7 a4 51. e6 a3 52. e7 a2 53. e8=Q a1=Q 54. Qe4+ Kc5 55. Qe7+ Kc4 56. Kg8 Qh1 57. Qxh7 Qa8+ 58. Kg7 g5 59. Qg8+ Qxg8+ 60. Kxg8 Kd5 61. Kg7 Ke5 62. Kg6 Kf4 63. Kf6 1-0

[Event "Winnipeg TNT 2026.03"]
[Site "Winnipeg CAN"]
[Date "2026.03.24"]
[Round "4.7"]
[White "Atem, James"]
[Black "Trueman, Francis"]
[Result "1-0"]
[WhiteElo "1821"]
[BlackElo "1331"]
[WhiteFideId "-1"]
[BlackFideId "-1"]
[PlyCount "41"]
[GameId "2292263032018338"]
[EventDate "2026.03.03"]
[EventType "swiss"]
[EventRounds "4"]
[EventCountry "CAN"]

1. e4 d6 2. d4 Nd7 3. Nc3 e5 4. Nf3 Ngf6 5. Bc4 Be7 6. Bg5 O-O 7. h4 h5 8. Qe2 a5 9. O-O-O c6 10. dxe5 dxe5 11. Nxe5 Qc7 12. Nxd7 Bxd7 13. e5 Nh7 14. Bxe7 Rfe8 15. Bd6 Qc8 16. Qxh5 g6 17. Qxg6+ Kh8 18. Bxf7 Bf5 19. Qh6 Bxc2 20. e6 Bxd1 21. Be5# 1-0

[Event "Winnipeg TNT 2026.03"]
[Site "Winnipeg CAN"]
[Date "2026.03.24"]
[Round "4.8"]
[White "Mandusic, Ante"]
[Black "Gannon, Keith"]
[Result "0-1"]
[WhiteElo "1258"]
[BlackElo "1556"]
[WhiteFideId "-1"]
[BlackFideId "-1"]
[PlyCount "70"]
[GameId "2292263032018339"]
[EventDate "2026.03.03"]
[EventType "swiss"]
[EventRounds "4"]
[EventCountry "CAN"]

1. e4 Nc6 2. d4 e6 3. Bc4 Be7 4. Nf3 Nf6 5. e5 Nd5 6. O-O O-O 7. Bd2 d6 8. Nc3 dxe5 9. dxe5 Nxc3 10. bxc3 Na5 11. Bd3 Nc6 12. Re1 Re8 13. c4 a5 14. a4 Nd4 15. c3 Nxf3+ 16. Qxf3 g6 17. Re4 c5 18. Qh3 f5 19. exf6 Bxf6 20. Rae1 Ra6 21. Qh6 Qxd3 22. Bf4 Qd7 23. h3 Bxc3 24. R1e3 Bg7 25. Qg5 Qe7 26. Qg3 Bd4 27. Rd3 Rb6 28. Bc7 Rb1+ 29. Kh2 b6 30. Bd6 Qg7 31. Rf3 Bb7 32. Rff4 Bxe4 33. Rxe4 e5 34. Bxe5 Bxe5 35. Re3 Bxg3+ 0-1

[Event "Winnipeg TNT 2026.03"]
[Site "Winnipeg CAN"]
[Date "2026.03.24"]
[Round "4.9"]
[White "Zhang, Oscar"]
[Black "Essery, Richard"]
[Result "1-0"]
[WhiteElo "1366"]
[BlackElo "1529"]
[WhiteFideId "-1"]
[BlackFideId "-1"]
[PlyCount "59"]
[GameId "2292263032079780"]
[EventDate "2026.03.03"]
[EventType "swiss"]
[EventRounds "4"]
[EventCountry "CAN"]

1. e4 c5 2. Nf3 d5 3. exd5 Nf6 4. Bc4 Nxd5 5. Bxd5 Qxd5 6. Nc3 Qd8 7. d3 Bg4 8. h3 Bh5 9. O-O e6 10. Bf4 a6 11. Re1 Bd6 12. Bxd6 Qxd6 13. Ne4 Qc7 14. Ng3 Bg6 15. Nh4 Nc6 16. Nxg6 hxg6 17. Ne4 Nd4 18. c3 Nf5 19. Rc1 Qe7 20. d4 cxd4 21. cxd4 O-O 22. Nc3 Qb4 23. Re4 Qxb2 24. Rc2 Qb6 25. Qg4 Rac8 26. d5 exd5 27. Nxd5 Qb1+ 28. Kh2 Qxc2 29. Qxf5 gxf5 30. Ne7+ 1-0

[Event "Winnipeg op"]
[Site "Winnipeg CAN"]
[Date "2026.02.14"]
[Round "1.1"]
[White "Gres, Yakiv"]
[Black "Ghobrial, Youssef"]
[Result "1-0"]
[WhiteElo "2174"]
[BlackElo "1914"]
[WhiteFideId "-1"]
[BlackFideId "-1"]
[PlyCount "67"]
[GameId "2285889403289994"]
[EventDate "2026.02.14"]
[EventType "swiss"]
[EventRounds "5"]
[EventCountry "CAN"]

1. b3 e6 2. Bb2 d5 3. Nf3 Nf6 4. e3 c5 5. d4 Nc6 6. Bd3 cxd4 7. exd4 Bd6 8. O-O O-O 9. Nbd2 Nb4 10. Be2 Ne4 11. a3 Nc6 12. c4 f5 13. Qc2 Bd7 14. b4 Bf4 15. b5 Ne7 16. a4 Qc7 17. Nb3 dxc4 18. Nc5 Nxc5 19. dxc5 Nd5 20. Bxc4 Nf6 21. Qxf5 Nd5 22. Qd3 Be8 23. Rfe1 Bg6 24. Qb3 Kh8 25. Rxe6 Nf6 26. Rae1 Rfe8 27. Rxf6 Rxe1+ 28. Nxe1 Be5 29. Bxe5 Qxe5 30. Re6 Qxc5 31. Nf3 Rc8 32. Nd2 Qd4 33. Rxg6 hxg6 34. Qh3+ 1-0

[Event "Winnipeg op"]
[Site "Winnipeg CAN"]
[Date "2026.02.14"]
[Round "1.2"]
[White "Kuryliw, Ray"]
[Black "Protsiuk, Svitlana"]
[Result "0-1"]
[WhiteElo "1894"]
[BlackElo "2087"]
[WhiteFideId "-1"]
[BlackFideId "-1"]
[PlyCount "114"]
[GameId "2285889403298187"]
[EventDate "2026.02.14"]
[EventType "swiss"]
[EventRounds "5"]
[EventCountry "CAN"]

1. e4 c5 2. Nc3 Nc6 3. g3 g6 4. Bg2 Bg7 5. d3 e5 6. Nd5 d6 7. Ne2 Be6 8. Be3 Qd7 9. Qd2 h6 10. c3 Nge7 11. f4 b6 12. h3 f6 13. g4 Bf7 14. Ng3 Nxd5 15. exd5 Ne7 16. c4 O-O-O 17. O-O-O f5 18. gxf5 exf4 19. Bxf4 g5 20. Be3 Be5 21. Qf2 Bxg3 22. Qxg3 Nxf5 23. Qe1 Rde8 24. Be4 Nxe3 25. Qxe3 Bg6 26. b3 Bxe4 27. dxe4 Qe7 28. Rde1 Qe5 29. Kc2 Rhf8 30. Rhf1 Kd8 31. Rxf8 Rxf8 32. Re2 Qa1 33. e5 Qxa2+ 34. Kc3 Qa1+ 35. Kc2 Qxe5 36. Qxe5 dxe5 37. Rxe5 Rf3 38. h4 g4 39. Rh5 Rf6 40. Re5 g3 41. Re1 Rf2+ 42. Kd3 Rb2 43. Ke4 Rxb3 44. Ke5 g2 45. Kd6 Rf3 46. Rg1 Rg3 47. Ke6 Rg6+ 48. Ke5 a5 49. h5 Rg5+ 50. Kd6 a4 51. Kc6 a3 52. Kxb6 Kd7 53. Kxc5 a2 54. Kb6 Rxh5 55. c5 Rxd5 56. c6+ Kc8 57. Rxg2 a1=Q 0-1

[Event "Winnipeg op"]
[Site "Winnipeg CAN"]
[Date "2026.02.14"]
[Round "1.3"]
[White "Baron, Gustav"]
[Black "Klokow, John"]
[Result "1-0"]
[WhiteElo "2068"]
[BlackElo "1883"]
[WhiteFideId "-1"]
[BlackFideId "-1"]
[PlyCount "41"]
[GameId "2285889403298188"]
[EventDate "2026.02.14"]
[EventType "swiss"]
[EventRounds "5"]
[EventCountry "CAN"]

1. Nf3 Nf6 2. c4 Nc6 3. d4 d5 4. Nc3 g6 5. Bf4 Bf5 6. e3 Bg7 7. h3 O-O 8. Rc1 Rc8 9. Be2 Ne4 10. Nxd5 Re8 11. O-O e5 12. dxe5 Nxe5 13. Nxe5 Bxe5 14. Bxe5 Rxe5 15. Nc3 Qg5 16. f4 Qh4 17. fxe5 Ng3 18. Rf4 Nxe2+ 19. Qxe2 Qh6 20. Nd5 Rd8 21. Ne7+ 1-0

[Event "Winnipeg op"]
[Site "Winnipeg CAN"]
[Date "2026.02.14"]
[Round "1.4"]
[White "Zhang, Nicole"]
[Black "Fehr, Brody"]
[Result "1/2-1/2"]
[WhiteElo "1844"]
[BlackElo "2044"]
[WhiteFideId "-1"]
[BlackFideId "-1"]
[PlyCount "81"]
[GameId "2285889403302285"]
[EventDate "2026.02.14"]
[EventType "swiss"]
[EventRounds "5"]
[EventCountry "CAN"]

1. e4 c5 2. Nf3 d6 3. d4 cxd4 4. Nxd4 Nf6 5. Nc3 a6 6. Bd3 e5 7. Nb3 Be7 8. O-O O-O 9. f4 exf4 10. Bxf4 Nc6 11. Qd2 Be6 12. a3 Bxb3 13. cxb3 Qb6+ 14. Kh1 Qxb3 15. Bc2 Qe6 16. Nd5 Rad8 17. Rae1 Ne5 18. Bb3 Qd7 19. Qe3 Rfe8 20. Nxf6+ Bxf6 21. Qg3 Ng6 22. Bg5 d5 23. Bxd5 Qe7 24. Bxf6 gxf6 25. Qb3 b5 26. Re3 Rd6 27. h3 Rc8 28. Rc3 Rdd8 29. Rfc1 Rxc3 30. Rxc3 Nf4 31. Rg3+ Kf8 32. Qe3 Nxd5 33. Qh6+ Ke8 34. Rg8+ Kd7 35. Rxd8+ Kxd8 36. exd5 Qe1+ 37. Kh2 Qe5+ 38. Kh1 Qe1+ 39. Kh2 Qe5+ 40. Kh1 Qe1+ 41. Kh2 1/2-1/2

[Event "Winnipeg op"]
[Site "Winnipeg CAN"]
[Date "2026.02.14"]
[Round "1.5"]
[White "Hamm, Gabriel"]
[Black "Pottinger, Carl"]
[Result "1-0"]
[WhiteElo "2044"]
[BlackElo "1833"]
[WhiteFideId "-1"]
[BlackFideId "-1"]
[PlyCount "63"]
[GameId "2285889403302286"]
[EventDate "2026.02.14"]
[EventType "swiss"]
[EventRounds "5"]
[EventCountry "CAN"]

1. e4 c5 2. Nf3 d6 3. d4 cxd4 4. Nxd4 Nf6 5. Nc3 g6 6. Be3 Bg7 7. f3 O-O 8. Qd2 Nc6 9. O-O-O h5 10. h4 d5 11. Qe1 e5 12. Nxc6 bxc6 13. exd5 Nxd5 14. Bc4 Be6 15. Ne4 Qc7 16. Bc5 Rfe8 17. g4 hxg4 18. h5 Nf4 19. Bxe6 Nxe6 20. Bd6 Qb6 21. hxg6 fxg6 22. Qh4 Qe3+ 23. Kb1 gxf3 24. Rdg1 Nf4 25. Ng5 Nh5 26. Qc4+ Kh8 27. Qf7 Qxg1+ 28. Rxg1 f2 29. Qxf2 Bf6 30. Ne4 Kg7 31. Nxf6 Nxf6 32. Qg3 1-0

[Event "Winnipeg op"]
[Site "Winnipeg CAN"]
[Date "2026.02.14"]
[Round "1.6"]
[White "Moeez, Abdul"]
[Black "Moncal, Nilo"]
[Result "1/2-1/2"]
[WhiteElo "1816"]
[BlackElo "2034"]
[WhiteFideId "-1"]
[BlackFideId "-1"]
[PlyCount "105"]
[GameId "2285889403310479"]
[EventDate "2026.02.14"]
[EventType "swiss"]
[EventRounds "5"]
[EventCountry "CAN"]

1. e4 e6 2. Nc3 c5 3. d4 cxd4 4. Qxd4 Nc6 5. Qd1 Nf6 6. Bc4 Bb4 7. Bg5 h6 8. Bxf6 Qxf6 9. Nge2 O-O 10. O-O a6 11. a3 Ba5 12. Qd6 b5 13. Ba2 Qe5 14. Rad1 Qxd6 15. Rxd6 Bc7 16. Rdd1 d6 17. Nd4 Ne5 18. Rfe1 Bb7 19. f4 Nc4 20. Bxc4 bxc4 21. f5 Rfe8 22. Nf3 Rab8 23. Nd2 d5 24. fxe6 fxe6 25. exd5 exd5 26. Rxe8+ Rxe8 27. Nf3 Rd8 28. Nd4 Bb6 29. g4 Rf8 30. Nce2 Bc8 31. h3 h5 32. gxh5 Bxh3 33. Kh2 Bg4 34. Rd2 Bxh5 35. Nc3 Bxd4 36. Rxd4 Rf2+ 37. Kg3 Rxc2 38. Nxd5 Rxb2 39. Rxc4 Rb3+ 40. Rc3 Rxc3+ 41. Nxc3 Kf7 42. Kf4 Ke6 43. Ke4 Kd6 44. Kd4 Bf3 45. Nb1 Kc6 46. Nd2 Bd5 47. Nf1 Bf7 48. Ne3 g6 49. Ng4 Kb5 50. Ne5 Ka4 51. Nxf7 Kxa3 52. Kc3 a5 53. Kc2 1/2-1/2

[Event "Winnipeg op"]
[Site "Winnipeg CAN"]
[Date "2026.02.14"]
[Round "1.7"]
[White "Orcullo, Fernando"]
[Black "Hui, Zelus"]
[Result "1/2-1/2"]
[WhiteElo "2018"]
[BlackElo "1810"]
[WhiteFideId "-1"]
[BlackFideId "-1"]
[PlyCount "188"]
[GameId "2285889403314576"]
[EventDate "2026.02.14"]
[EventType "swiss"]
[EventRounds "5"]
[EventCountry "CAN"]

1. e4 e6 2. d4 d5 3. e5 c5 4. c3 Nc6 5. Be3 Qb6 6. Qd2 cxd4 7. cxd4 Nge7 8. Nf3 Nf5 9. Nc3 Bd7 10. Be2 Rc8 11. O-O Be7 12. h3 O-O 13. Bd3 Nxe3 14. fxe3 Na5 15. Rf2 Nc4 16. Bxc4 Rxc4 17. Raf1 h6 18. Nh2 Bb4 19. Rf3 Bxc3 20. bxc3 Qc7 21. Qf2 Bb5 22. Rg3 Qe7 23. Ng4 Kh8 24. Qf4 Qg5 25. Qf3 Rxc3 26. Nf6 Qxe3+ 27. Qxe3 Rxe3 28. Rxe3 Bxf1 29. Nd7 Rd8 30. Nc5 Bc4 31. Nxb7 Rd7 32. Nc5 Rc7 33. a4 Kg8 34. Rf3 g6 35. Rf2 h5 36. Kh2 Re7 37. Kg3 Kg7 38. Kf4 Kh6 39. Rf3 Ba2 40. a5 Bc4 41. g4 hxg4 42. hxg4 Bb5 43. a6 Bc6 44. g5+ Kg7 45. Rf2 Re8 46. Rb2 Kf8 47. Kg4 Ke7 48. Kf4 Kd8 49. Nb7+ Kc7 50. Nd6 Rb8 51. Rxb8 Kxb8 52. Ke3 Kc7 53. Kd3 Kb6 54. Kc3 Kxa6 55. Nxf7 Kb6 56. Nd6 a5 57. Kb3 Bb5 58. Ka3 Be2 59. Kb3 Bd1+ 60. Kc3 Kc6 61. Kb2 Kc7 62. Nb5+ Kb6 63. Nc3 Bg4 64. Ka3 Bf5 65. Kb3 Bg4 66. Na4+ Kb5 67. Nc3+ Kb6 68. Ka4 Bf5 69. Ne2 Bc2+ 70. Ka3 Kb5 71. Kb2 Bd3 72. Nf4 Bf5 73. Kc3 a4 74. Ne2 Bg4 75. Nf4 Bf5 76. Ne2 Ka5 77. Ng3 Bg4 78. Nf1 a3 79. Kb3 a2 80. Kxa2 Kb4 81. Ne3 Kc3 82. Nxg4 Kxd4 83. Kb2 Ke4 84. Kc3 Kf4 85. Nh6 Kxg5 86. Nf7+ Kf4 87. Kd4 g5 88. Nd8 Kf5 89. Nc6 Kf4 90. Nd8 Kf5 91. Nc6 Kf4 92. Nb4 g4 93. Nxd5+ exd5 94. e6 g3 1/2-1/2